Introduction to Statistical Quality Control

Salvato in:
Dettagli Bibliografici
Autore principale: Montgomery, Douglas C. (Autore)
Natura: Libro
Lingua:inglese
Pubblicazione: New York : John Wiley & Sons, 1997
Edizione:3rd Edition
Tags: Aggiungi Tag
Nessun Tag, puoi essere il primo ad aggiungerne!!

MARC

LEADER 00000nam a22000003a 4500
001 stu48874
005 20190206124436.1
008 981222s1997------------------------eng-d
020 |a 0-471-30353-4 
040 |a STU  |b slo 
041 0 |a eng 
080 |a 54.061+519.21 
100 1 |a Montgomery, Douglas C.  |4 aut 
245 1 |a Introduction to Statistical Quality Control 
250 |a 3rd Edition 
260 |a New York :  |b John Wiley & Sons,  |c 1997 
300 |a 677 s 
500 |a Tab.,grafy,lit.,index 
996 |b C95592  |c C*95592  |l CCII  |s P  |a 0  |w stu48874_0001